000 00334nam a2200133Ia 4500
008 240624s9999 xx 000 0 und d
041 _aeng
082 _a303.34 BEN
100 _aBENNIS WARREN
245 _aWHY LEADERS CAN T LEAD THE UNCONSCIOUS C
260 _c1997
_aCalifornia
_bJossey-Bass
300 _a192 : p.
365 _c
_b28
999 _c22749
_d22749